书目信息 |
| 题名: |
科学训练手册
|
|
| 作者: | 袁晓毅 著 | |
| 分册: | ||
| 出版信息: | 北京 中译出版社 2021.07 |
|
| 页数: | 274页 | |
| 开本: | 24cm | |
| 丛书名: | ||
| 单 册: | ||
| 中图分类: | G863.22-62 | |
| 科图分类: | ||
| 主题词: | 雪橇运动--运动训练--手册 | |
| 电子资源: | ||
| ISBN: | 978-7-5001-6716-7 | |
| 000 | 01490nam0 2200277 450 | |
| 001 | 012001001929 | |
| 005 | 20141203094228.0 | |
| 010 | @a978-7-5001-6716-7@dCNY98.00 | |
| 100 | @a20220905d2021 em y0chiy50 ea | |
| 101 | 0 | @achi |
| 102 | @aCN@b110000 | |
| 105 | @aa az 000yy | |
| 106 | @ar | |
| 200 | 1 | @a科学训练手册@Ake xue xun lian shou ce@d= Scientific training manual@e雪车、钢架雪车、雪橇@f袁晓毅著@zeng |
| 210 | @a北京@c中译出版社@d2021.07 | |
| 215 | @a274页@c图@d24cm | |
| 314 | @a袁晓毅,北京体育大学教育学博士,副教授、研究生导师。北京市青年骨干人才,北京体育大学优秀党员、优秀教师。 | |
| 320 | @a有书目 (第256-274页) | |
| 330 | @a本手册分为5个章节,同时也具有5个特色。其一是“共轭与分叙”,在深入分析制胜规律的基础上,以“冬奥冰道滑降项目”统一命名雪车、钢架雪车、雪橇,并有针对性地分叙。其二是“溯本与前沿”,系统介绍3个项目的历史发展、规则、赛道、器材装备,实例举证最新科研成果与科技手段。其三“突出实践与应用”,理论与实践、基础与应用相结合,根据已有的科学成果以网络结构理解人体及人体运动能力发展的复杂性,提出优化运动表现的策略。其四是“友善亲和”,以大量第一手资料、图片、图表增加手册的可读性与易读性。其五是“多元视角”,以多元视角启发多元思考,探究解决问题的最优路径。 | |
| 510 | 1 | @aScientific training manual@zeng |
| 517 | 1 | @a雪车、钢架雪车、雪橇@Axue che 、gang jia xue che 、xue qiao |
| 606 | 0 | @a雪橇运动@x运动训练@j手册 |
| 690 | @aG863.22-62@v5 | |
| 701 | 0 | @a袁晓毅@Ayuan xiao yi@4著 |
| 801 | 0 | @aCN@bAHXH@c20221111 |
| 905 | @b1371914-8@dG863.22-62@e112@f5 | |
| 科学训练手册= Scientific training manual:雪车、钢架雪车、雪橇/袁晓毅著.-北京:中译出版社,2021.07 |
| 274页:图;24cm |
| ISBN 978-7-5001-6716-7:CNY98.00 |
| 本手册分为5个章节,同时也具有5个特色。其一是“共轭与分叙”,在深入分析制胜规律的基础上,以“冬奥冰道滑降项目”统一命名雪车、钢架雪车、雪橇,并有针对性地分叙。其二是“溯本与前沿”,系统介绍3个项目的历史发展、规则、赛道、器材装备,实例举证最新科研成果与科技手段。其三“突出实践与应用”,理论与实践、基础与应用相结合,根据已有的科学成果以网络结构理解人体及人体运动能力发展的复杂性,提出优化运动表现的策略。其四是“友善亲和”,以大量第一手资料、图片、图表增加手册的可读性与易读性。其五是“多元视角”,以多元视角启发多元思考,探究解决问题的最优路径。 |
| ● |
| 相关链接 |
|
|
|
|
正题名:科学训练手册
索取号:G863.22-62/112
 
预约/预借
| 序号 | 登录号 | 条形码 | 馆藏地/架位号 | 状态 | 备注 |
| 1 | 1371914 | 213719145 | 第一样本阅览室/ [索取号:G863.22-62/112] | 在馆 | |
| 2 | 1371915 | 213719154 | 教育系资料室/ [索取号:G863.22-62/112] | 在馆 | |
| 3 | 1371916 | 213719163 | 教育系资料室/ [索取号:G863.22-62/112] | 在馆 | |
| 4 | 1371917 | 213719172 | 第四借阅区/ [索取号:G863.22-62/112] | 在馆 | |
| 5 | 1371918 | 213719181 | 第四借阅区/ [索取号:G863.22-62/112] | 在馆 |